Las mocedades del Cid

Gardado en:
Detalles Bibliográficos
Autor Principal: Castro, Guillén de (Author)
Formato: Libro
Idioma:Lingua castelá
Publicado: Zaragoza Ebro 1974
Edición:9a. ed
Series:Biblioteca Clásica Ebro. Clásicos Españoles, 16
Subjects:
Tags: Engadir etiqueta
Sen Etiquetas, Sexa o primeiro en etiquetar este rexistro!

MARC

LEADER 00000nam a2200000 a 4500
001 UCQ1918
003 CL-VaPUC
008 980721e19740000SP |||||||||||||||||spa|d
082 0 4 |a 862  |b CAS  |2 21 
100 0 |a Castro, Guillén de  |e author  |9 415866 
245 1 4 |a Las mocedades del Cid 
250 |a 9a. ed 
300 |a 142 p 
942 |c BK 
945 |d 19980721 00:00:00  |a lriquelm 
260 |a Zaragoza  |b Ebro  |c 1974 
650 0 |a Dramas españoles  |9 267081 
650 0 |a Literatura española  |9 306261 
583 |a last modification  |c 19980721 00:00:00  |k Rodrigo Vera 
490 0 |a Biblioteca Clásica Ebro. Clásicos Españoles, 16 
999 |c 272761  |d 272759 
952 |0 0  |1 0  |4 0  |6 862_000000000000000_CAS_1974  |7 0  |8 A  |9 307905  |a BIBEDU  |b BIBEDU  |d 2019-11-20  |i 1438042  |o 862 CAS 1974  |p 1438042  |r 2019-11-20  |w 2019-11-20  |y BK  |k LIT